书目信息 |
| 题名: |
大学计算机基础
|
|
| 作者: | 詹国华 主编 | |
| 分册: | ||
| 出版信息: | 北京 中国铁道出版社有限公司 2019 |
|
| 页数: | 182页 | |
| 开本: | 26cm | |
| 丛书名: | ||
| 单 册: | ||
| 中图分类: | TP3 | |
| 科图分类: | ||
| 主题词: | 电子计算机--高等学校--教材 | |
| 电子资源: | ||
| ISBN: | 978-7-113-25991-4 | |
| 000 | 00911nam0 2200229 45 | |
| 001 | 012001003211 | |
| 005 | 20140129142733.0 | |
| 010 | @a978-7-113-25991-4@dCNY40.00 | |
| 100 | @a20190812d2019 em y0chiy0110 ea | |
| 101 | 0 | @achi |
| 102 | @aCN@b110000 | |
| 105 | @ay z 000yy | |
| 106 | @ar | |
| 200 | 1 | @a大学计算机基础@9da xue ji suan ji ji chu@f詹国华主编 |
| 210 | @a北京@c中国铁道出版社有限公司@d2019 | |
| 215 | @a182页@d26cm | |
| 330 | @a全书共包含6章,主要讲述计算机基础知识 、Windows操作系统 、文字处理及高级应用 、数据处理及高级应用、演示文稿及高级应用 、计算机新技术 。本书内容不仅满足学生计算机等级考试一级的要求,还未二级考试做了很好的过度与扩充,让学生轻松应对计算机等级考试。操作性强的章节,还配有有特色的案例讲解。 | |
| 606 | 0 | @a电子计算机@x高等学校@j教材 |
| 690 | @aTP3@v5 | |
| 701 | 0 | @a詹国华@9zhan guo hua@4主编 |
| 801 | 0 | @aCN@b北京卓展@c20191020 |
| 905 | @b1210788-91@dTP3@e1011@f4 | |
| 大学计算机基础/詹国华主编.-北京:中国铁道出版社有限公司,2019 |
| 182页;26cm |
| ISBN 978-7-113-25991-4:CNY40.00 |
| 全书共包含6章,主要讲述计算机基础知识 、Windows操作系统 、文字处理及高级应用 、数据处理及高级应用、演示文稿及高级应用 、计算机新技术 。本书内容不仅满足学生计算机等级考试一级的要求,还未二级考试做了很好的过度与扩充,让学生轻松应对计算机等级考试。操作性强的章节,还配有有特色的案例讲解。 |
| ● |
| 相关链接 |
|
|
|
|
正题名:大学计算机基础
索取号:TP3/1011
 
预约/预借
| 序号 | 登录号 | 条形码 | 馆藏地/架位号 | 状态 | 备注 |
| 1 | 1210788 | 212107888 | 第二样本阅览室/ [索取号:TP3/1011] | 在馆 | |
| 2 | 1210789 | 212107897 | 第三借阅区/ [索取号:TP3/1011] | 在馆 | |
| 3 | 1210790 | 212107904 | 第三借阅区/ [索取号:TP3/1011] | 在馆 | |
| 4 | 1210791 | 212107913 | 第三借阅区/ [索取号:TP3/1011] | 在馆 |